000 00316nam a22001457a 4500
008 230412b ||||| |||| 00| 0 eng d
020 _a9781889315218
041 _aeng
080 _a34
082 _a34MIC
100 _a31
101 _aJURE
245 _aCRIME SCENE DYNAMICS
_cMICHELSON .S.R
942 _2udc
_cBK
999 _c59514
_d59514